Economic integration (Record no. 522219)

MARC details
000 -LEADER
fixed length control field 00872nam a2200277Ia 4500
003 - CONTROL NUMBER IDENTIFIER
control field OSt
005 - DATE AND TIME OF LATEST TRANSACTION
control field 20220925192443.0
008 - FIXED-LENGTH DATA ELEMENTS--GENERAL INFORMATION
fixed length control field 220923b |||||||| |||| 00| 0 eng d
020 ## - INTERNATIONAL STANDARD BOOK NUMBER
International Standard Book Number 963 05 1188 6
037 ## - SOURCE OF ACQUISITION
Terms of availability General Book
040 ## - CATALOGING SOURCE
Original cataloging agency RTL
Transcribing agency RTL
Language of cataloging eng
041 ## - LANGUAGE CODE
Source of code eng
Language code of text/sound track or separate title eng
100 ## - MAIN ENTRY--PERSONAL NAME
Personal name Simai Mihaly Ed.
9 (RLIN) 245232
245 #0 - TITLE STATEMENT
Title Economic integration
Remainder of title Concepts, theories and prob
260 ## - PUBLICATION, DISTRIBUTION, ETC.
Place of publication, distribution, etc. Budapest
Name of publisher, distributor, etc. Akademiai Kiado
Date of publication, distribution, etc. 1977
300 ## - PHYSICAL DESCRIPTION
Extent 423p.
Dimensions cm.
500 ## - GENERAL NOTE
General note Selection from papers contributed to the Fourth World Congress of Economics held in Budapest, Aug 1974
650 ## - SUBJECT ADDED ENTRY--TOPICAL TERM
Topical term or geographic name entry element Free Trade
650 ## - SUBJECT ADDED ENTRY--TOPICAL TERM
Topical term or geographic name entry element Economics
700 ## - ADDED ENTRY--PERSONAL NAME
Personal name Garam Katalin Ed.
9 (RLIN) 245233
942 ## - ADDED ENTRY ELEMENTS (KOHA)
Classification part X:533, L7
Koha item type General Books
Source of classification or shelving scheme Colon Classification (CC)

No items available.

Copyright @ Delhi University Library System